[Event "Brest op"]
[Site "Brest"]
[Date "2012.04.07"]
[Round "2.4"]
[White "Collin, Jean Philippe"]
[Black "Le Gros, Cedric"]
[Result "0-1"]
[WhiteElo "1756"]
[BlackElo "2048"]
[PlyCount "126"]
[EventDate "2012.04.??"]
[EventType "swiss"]
[EventRounds "7"]
[EventCountry "FRA"]
[SourceTitle "EXT 2014"]
[Source "ChessBase"]
[SourceDate "2013.11.20"]
[SourceVersion "1"]
[SourceVersionDate "2013.11.20"]
[SourceQuality "1"]

1. d4 Nf6 2. Bg5 Ne4 3. Bf4 c5 4. d5 d6 5. f3 Nf6 6. e4 g6 7. Qd2 h6 8. Nc3 Bg7 9. Bb5+ Nbd7 10. 0-0-0 a6 11. Bxd7+ Bxd7 12. e5 dxe5 13. Bxe5 0-0 14. g4 b5 15. g5 hxg5 16. Qxg5 b4 17. Nce2 a5 18. h4 Nh5 19. Bxg7 Kxg7 20. Nf4 Nxf4 21. Qxf4 Bf5 22. d6 exd6 23. h5 d5 24. Ne2 Qb8 25. Qh4 Qd8 26. Qg3 Ra6 27. Nf4 Rd6 28. hxg6 fxg6 29. Nh5+ Kf7 30. Nf4 Kg7 31. Rdg1 Rg8 32. Rh5 Kf7 33. Rh7+ Rg7 34. Rxg7+ Kxg7 35. Nh5+ Kf7 36. Qe5 Qe7 37. Qg7+ Ke8 38. Kd2 Qxg7 39. Nxg7+ Kf7 40. Nxf5 gxf5 41. Rg5 Kf6 42. Rh5 Ke5 43. Rh8 Rg6 44. b3 Kd4 45. Rh4+ Ke5 46. Rh8 Rg2+ 47. Kd3 Rf2 48. Ke3 Rxc2 49. Re8+ Kd6 50. Rd8+ Ke6 51. Re8+ Kd7 52. Re5 Kd6 53. Rxf5 Rxa2 54. Rf8 c4 55. bxc4 dxc4 56. Kd4 c3 57. Rf6+ Ke7 58. Rc6 Rd2+ 59. Ke3 Rd5 60. Ke4 Rb5 61. f4 b3 62. f5 b2 63. Kf4 b1Q 0-1

[Event "Brest op"]
[Site "Brest"]
[Date "2011.04.24"]
[Round "3"]
[White "Le Gros, Cedric"]
[Black "Dujardin, Bernard"]
[Result "0-1"]
[WhiteElo "2093"]
[BlackElo "1665"]
[PlyCount "90"]
[EventDate "2011.04.23"]
[EventType "swiss"]
[EventRounds "5"]
[EventCountry "FRA"]
[SourceTitle "EXT 2012"]
[Source "ChessBase"]
[SourceDate "2011.11.24"]
[SourceVersion "1"]
[SourceVersionDate "2011.11.24"]
[SourceQuality "1"]

1. e4 c5 2. Nf3 e6 3. d4 cxd4 4. Nxd4 a6 5. Be3 d6 6. Nc3 Nf6 7. Be2 Be7 8. f4 0-0 9. 0-0 Bd7 10. g4 Bc6 11. Bf3 h6 12. h4 Kh8 13. g5 Ng8 14. Be2 Bd7 15. Bd3 Nc6 16. f5 Ne5 17. Rf2 Nxd3 18. cxd3 e5 19. gxh6 g6 20. Ne6 fxe6 21. fxg6 Rxf2 22. Kxf2 Bxh4+ 23. Kg2 Bg5 24. Qd2 Bxe3 25. Qxe3 Qf6 26. Rh1 Qxg6+ 27. Kf2 Rf8+ 28. Ke1 Rf7 29. Ne2 Rh7 30. Rg1 Qxh6 31. Qf3 Qf6 32. Qg3 Qh4 33. Kd2 Qxg3 34. Rxg3 Nf6 35. Rg6 Nh5 36. Nc1 Nf4 37. Rg4 Bb5 38. b3 Rh3 39. d4 Bc6 40. dxe5 dxe5 41. Rg5 Bxe4 42. Rxe5 Bf5 43. a4 Nd5 44. Re2 Kg7 45. Rg2+ Kf6 0-1

[Event "Quimper op 1st"]
[Site "Quimper"]
[Date "2010.11.01"]
[Round "6"]
[White "Collin, Jean Philippe"]
[Black "Le Gros, Cedric"]
[Result "0-1"]
[WhiteElo "1720"]
[BlackElo "2109"]
[PlyCount "102"]
[EventDate "2010.10.30"]
[EventType "swiss"]
[EventRounds "7"]
[EventCountry "FRA"]
[SourceTitle "EXT 2012"]
[Source "ChessBase"]
[SourceDate "2011.11.24"]
[SourceVersion "1"]
[SourceVersionDate "2011.11.24"]
[SourceQuality "1"]

1. d4 Nf6 2. c4 e6 3. Nc3 Bb4 4. a3 Bxc3+ 5. bxc3 c5 6. Nf3 0-0 7. g3 Qa5 8. Bd2 b6 9. Bg2 Bb7 10. 0-0 Qa6 11. Qb3 Nc6 12. Bf4 Na5 13. Qc2 Be4 14. Qa2 Qxc4 15. Qxc4 Nxc4 16. Nd2 Nxd2 17. Bxd2 Bxg2 18. Kxg2 Ne4 19. Rfd1 Nxd2 20. Rxd2 cxd4 21. Rxd4 d5 22. c4 dxc4 23. Rxc4 Rfc8 24. Rac1 Rxc4 25. Rxc4 Kf8 26. Rc7 b5 27. Rb7 a6 28. Rb6 Ra7 29. Kf3 Ke7 30. a4 bxa4 31. Rb4 Kd6 32. Rxa4 Kc5 33. Ke3 a5 34. Kd3 Kb5 35. Rc4 a4 36. Kc3 Rd7 37. Rb4+ Ka5 38. Rc4 Rd1 39. Rc5+ Kb6 40. Rc4 Rf1 41. Rf4 f6 42. h4 e5 43. Rf5 Kc5 44. g4 Rc1+ 45. Kb2 Re1 46. e3 Kb4 47. g5 a3+ 48. Kc2 a2 49. gxf6 gxf6 50. Rxf6 a1Q 51. Kd2 Qd1# 0-1

[Event "Quimper op 1st"]
[Site "Quimper"]
[Date "2010.10.31"]
[Round "3"]
[White "Le Gros, Cedric"]
[Black "Annetti, Laurent"]
[Result "1/2-1/2"]
[WhiteElo "2109"]
[BlackElo "1879"]
[PlyCount "68"]
[EventDate "2010.10.30"]
[EventType "swiss"]
[EventRounds "7"]
[EventCountry "FRA"]
[SourceTitle "EXT 2012"]
[Source "ChessBase"]
[SourceDate "2011.11.24"]
[SourceVersion "1"]
[SourceVersionDate "2011.11.24"]
[SourceQuality "1"]

1. e4 e5 2. Nf3 Nc6 3. Bb5 f5 4. 0-0 fxe4 5. Bxc6 dxc6 6. Nxe5 Qd4 7. Qh5+ g6 8. Nxg6 hxg6 9. Qxg6+ Kd8 10. d3 Bd6 11. Bg5+ Ne7 12. Bxe7+ Bxe7 13. dxe4 Bd6 14. g3 Bh3 15. Nc3 Bxf1 16. Rxf1 Ke7 17. Qg5+ Kf7 18. Qf5+ Ke7 19. Qg5+ Kf7 20. Rd1 Qe5 21. Qxe5 Bxe5 22. Rd3 Rad8 23. Rf3+ Ke6 24. Na4 b6 25. h4 Rd2 26. c3 Bd6 27. Rf5 b5 28. Nc5+ Bxc5 29. Rxc5 Kd6 30. b4 Re2 31. Rf5 Rxe4 32. Kg2 Re5 33. Rf7 Re7 34. Rf5 Re5 1/2-1/2

[Event "FRA-chT3 Gr06 0607"]
[Site "France"]
[Date "2006.10.15"]
[Round "1.2"]
[White "Le Nezet, Thierry"]
[Black "Le Gros, Cedric"]
[Result "1-0"]
[WhiteElo "1990"]
[BlackElo "2110"]
[PlyCount "46"]
[EventDate "2006.10.15"]
[EventType "team-tourn"]
[EventRounds "9"]
[EventCountry "FRA"]
[SourceTitle "EXT 2008"]
[Source "ChessBase"]
[SourceDate "2007.11.25"]
[SourceVersion "1"]
[SourceVersionDate "2007.11.25"]
[SourceQuality "1"]
[WhiteTeam "Queven"]
[BlackTeam "Arradon"]
[WhiteTeamCountry "FRA"]
[BlackTeamCountry "FRA"]

1. e4 d5 2. Nc3 dxe4 3. Nxe4 b6 4. Bb5+ c6 5. Bc4 e6 6. d4 Nf6 7. Bg5 Be7 8. Bxf6 Bxf6 9. Nf3 Bb7 10. Ne5 0-0 11. Qg4 Be7 12. 0-0-0 Kh8 13. Qh5 Qe8 14. Rd3 Nd7 15. Rh3 h6 16. g4 Nxe5 17. dxe5 f5 18. exf6 Qxh5 19. fxg7+ Kxg7 20. gxh5 c5 21. Re1 Rf4 22. Rg3+ Kh8 23. Rge3 Rd8 1-0

[Event "Hennebont Grand Prix"]
[Site "Hennebont"]
[Date "2006.08.06"]
[Round "6"]
[White "Coursaget, Nicolas"]
[Black "Le Gros, Cedric"]
[Result "1-0"]
[WhiteElo "2331"]
[BlackElo "2079"]
[PlyCount "55"]
[EventDate "2006.08.05"]
[EventType "swiss"]
[EventRounds "7"]
[EventCountry "FRA"]
[SourceTitle "EXT 2007"]
[Source "ChessBase"]
[SourceDate "2006.11.23"]
[SourceVersion "1"]
[SourceVersionDate "2006.11.23"]
[SourceQuality "1"]

1. d4 Nf6 2. c4 c5 3. d5 b5 4. cxb5 a6 5. e3 d6 6. bxa6 g6 7. Nc3 Bg7 8. Bb5+ Bd7 9. a4 Nxa6 10. Nf3 0-0 11. Ra3 Qb6 12. Nd2 Nb4 13. Nc4 Qb7 14. e4 Bxb5 15. axb5 Nd7 16. Rxa8 Rxa8 17. 0-0 Ne5 18. Nxe5 Bxe5 19. Qe2 Na2 20. Qd3 Ra5 21. Bg5 f6 22. Bd2 Nxc3 23. bxc3 Qxb5 24. Qxb5 Rxb5 25. f4 Rb2 26. Be1 Bxf4 27. Rxf4 Re2 28. Kf1 1-0

[Event "Hennebont Grand Prix"]
[Site "Hennebont"]
[Date "2006.08.05"]
[Round "2"]
[White "Ababou, Nessim"]
[Black "Le Gros, Cedric"]
[Result "1-0"]
[WhiteElo "2023"]
[BlackElo "2079"]
[PlyCount "101"]
[EventDate "2006.08.05"]
[EventType "swiss"]
[EventRounds "7"]
[EventCountry "FRA"]
[SourceTitle "EXT 2007"]
[Source "ChessBase"]
[SourceDate "2006.11.23"]
[SourceVersion "1"]
[SourceVersionDate "2006.11.23"]
[SourceQuality "1"]

1. e4 e5 2. Nf3 Nc6 3. d4 exd4 4. Bc4 h6 5. Nxd4 d6 6. 0-0 Nf6 7. Re1 Be7 8. Nxc6 bxc6 9. e5 Ng4 10. e6 Ne5 11. Qh5 0-0 12. Rxe5 dxe5 13. exf7+ Kh8 14. Bxh6 Bg4 15. Bxg7+ Kxg7 16. Qxg4+ Kh6 17. Bd3 Qd6 18. Qh3+ Bh4 19. Qxh4+ Kg7 20. Qh7+ Kf6 21. Qg6+ Ke7 22. Qxd6+ cxd6 23. Bg6 Rh8 24. g4 Rab8 25. b3 Rb4 26. c4 d5 27. Nd2 Kf6 28. Bh5 Kg5 29. Re1 Kf4 30. f3 a5 31. Kf2 Rb7 32. h4 a4 33. g5 Kf5 34. g6 Kf6 35. Rxe5 Kxe5 36. g7 Rbb8 37. gxh8Q+ Rxh8 38. Bg6 axb3 39. axb3 Kd4 40. cxd5 cxd5 41. h5 Ke5 42. Ke3 Kf6 43. Kd4 Rd8 44. b4 Kg7 45. b5 Rb8 46. Kc5 d4 47. b6 Rc8+ 48. Kxd4 Rd8+ 49. Kc3 Rb8 50. Nc4 Kh8 51. Kb4 1-0

[Event "Avoine op 21th"]
[Site "Avoine"]
[Date "2006.07.28"]
[Round "7"]
[White "Le Gros, Cedric"]
[Black "Mevel, Alberic"]
[Result "0-1"]
[WhiteElo "2079"]
[BlackElo "2277"]
[PlyCount "50"]
[EventDate "2006.07.22"]
[EventType "swiss"]
[EventRounds "9"]
[EventCountry "FRA"]
[SourceTitle "EXT 2007"]
[Source "ChessBase"]
[SourceDate "2006.11.23"]
[SourceVersion "1"]
[SourceVersionDate "2006.11.23"]
[SourceQuality "1"]

1. d4 Nf6 2. Nf3 c5 3. e3 g6 4. b3 Bg7 5. Bb2 0-0 6. c4 cxd4 7. exd4 d5 8. c5 Ne4 9. a3 Nxc5 10. b4 Ne4 11. Nbd2 Qb6 12. Nb3 Nc6 13. Qc2 Bf5 14. Bd3 Rac8 15. Qd1 Bg4 16. 0-0 Bxf3 17. Qxf3 Nxd4 18. Bxd4 Bxd4 19. Rad1 Nc3 20. Rd2 Bg7 21. Rc1 Bh6 22. Bxg6 fxg6 23. Rxc3 Rxf3 24. Rxc8+ Rf8 25. Rxf8+ Bxf8 0-1

[Event "Avoine op 21th"]
[Site "Avoine"]
[Date "2006.07.22"]
[Round "1"]
[White "Le Gros, Cedric"]
[Black "Bouhallel, Rabah"]
[Result "0-1"]
[WhiteElo "2079"]
[BlackElo "2317"]
[PlyCount "50"]
[EventDate "2006.07.22"]
[EventType "swiss"]
[EventRounds "9"]
[EventCountry "FRA"]
[SourceTitle "EXT 2007"]
[Source "ChessBase"]
[SourceDate "2006.11.23"]
[SourceVersion "1"]
[SourceVersionDate "2006.11.23"]
[SourceQuality "1"]

1. e4 Nc6 2. Nf3 d6 3. Bc4 Nf6 4. Nc3 Bg4 5. d4 e6 6. Bg5 Be7 7. Qd2 0-0 8. 0-0-0 h6 9. Bxh6 gxh6 10. Qxh6 Nh7 11. h4 Bf6 12. e5 Bg7 13. Qf4 Bxf3 14. gxf3 Kh8 15. Rhg1 dxe5 16. dxe5 Bxe5 17. Qe4 Qf6 18. Rd7 Qh6+ 19. Rg5 Nxg5 20. hxg5 Qxg5+ 21. Kd1 Rad8 22. Bd3 f5 23. Rxd8 fxe4 24. Rxf8+ Kg7 25. Nxe4 Qg1+ 0-1

[Event "FRA-chT3 Gr5 "]
[Site "Bretagne"]
[Date "2006.??.??"]
[Round "9.2"]
[White "Le Gros, Cedric"]
[Black "Desnoes, Fabien"]
[Result "1-0"]
[WhiteElo "2098"]
[BlackElo "1938"]
[PlyCount "111"]
[EventDate "2006.??.??"]
[EventType "team-tourn"]
[EventRounds "9"]
[EventCountry "FRA"]
[SourceTitle "EXT 2007"]
[Source "ChessBase"]
[SourceDate "2006.11.23"]
[SourceVersion "1"]
[SourceVersionDate "2006.11.23"]
[SourceQuality "1"]
[WhiteTeam "Arradon"]
[WhiteTeamCountry "FRA"]

1. e4 c6 2. d4 d5 3. exd5 cxd5 4. c4 Nf6 5. Nc3 g6 6. Nf3 Bg7 7. Be2 0-0 8. Be3 Nc6 9. 0-0 Be6 10. c5 Bf5 11. a3 Ne4 12. Bb5 Bg4 13. Qa4 Bd7 14. Bxc6 bxc6 15. Nxe4 dxe4 16. Ne5 Qc8 17. Nxd7 Qxd7 18. Qc4 e6 19. Rfd1 Rfd8 20. Rd2 Qc7 21. g3 Rd5 22. Bf4 Qd7 23. Rad1 Rd8 24. b4 Bxd4 25. Kg2 Be5 26. Qxe4 Bxf4 27. Rxd5 exd5 28. Qxf4 d4 29. Rd3 Qd5+ 30. Qf3 Qc4 31. Qe4 Rd5 32. Qe8+ Kg7 33. Qxc6 Rf5 34. Qe4 Rd5 35. c6 Qxc6 36. Rxd4 Rd6 37. Qxc6 Rxc6 38. Rd3 Kf6 39. Re3 Rc2 40. Kf3 Ra2 41. h4 h5 42. Rd3 Kf5 43. Rd5+ Ke6 44. Ra5 f6 45. Rxa7 g5 46. Ra5 gxh4 47. gxh4 f5 48. Kg3 Rd2 49. a4 Rd4 50. b5 Rb4 51. Ra6+ Ke5 52. b6 Rb3+ 53. Kg2 Kd5 54. a5 Kc6 55. b7+ Kxb7 56. Rb6+ 1-0

[Event "FRA-ch U18"]
[Site "Calvi"]
[Date "2005.04.19"]
[Round "3"]
[White "Le Gros, Cedric"]
[Black "Fischer, Marc"]
[Result "1-0"]
[WhiteElo "2030"]
[BlackElo "2129"]
[PlyCount "97"]
[EventDate "2005.04.??"]
[EventType "swiss"]
[EventRounds "9"]
[EventCountry "FRA"]
[SourceTitle "EXT 2006"]
[Source "ChessBase"]
[SourceDate "2005.11.24"]
[SourceVersion "1"]
[SourceVersionDate "2005.11.24"]
[SourceQuality "1"]

1. e4 e6 2. d4 d5 3. exd5 exd5 4. Be3 Nc6 5. Nf3 Bd6 6. Be2 Nge7 7. 0-0 h6 8. c4 dxc4 9. Bxc4 0-0 10. Nc3 Bg4 11. h3 Bf5 12. Bd3 Qd7 13. Bxf5 Nxf5 14. Qd2 Rfe8 15. Rfe1 Rad8 16. g4 Nfe7 17. Bxh6 gxh6 18. Qxh6 Ng6 19. Ne4 Rxe4 20. Rxe4 Bf8 21. Qh5 Bg7 22. Ne5 Ncxe5 23. dxe5 Qe6 24. Rae1 Rd2 25. b3 Rxa2 26. R1e3 Ra1+ 27. Kh2 Ra2 28. Kg3 Ra3 29. Qf5 Qxf5 30. gxf5 Nxe5 31. Rxe5 Bxe5+ 32. Rxe5 Rxb3+ 33. Kg4 Kg7 34. h4 b5 35. Rc5 a5 36. Kg5 Rb1 37. f6+ Kg8 38. Rxc7 Rg1+ 39. Kf5 a4 40. Rc8+ Kh7 41. Rf8 Rg2 42. f4 b4 43. Rxf7+ Kh8 44. Ra7 a3 45. h5 Rg8 46. f7 Rf8 47. h6 b3 48. Rxa3 b2 49. Rb3 1-0

[Event "FRA-chT3 0405"]
[Site "France"]
[Date "2005.04.02"]
[Round "8"]
[White "Le Gros, Cedric"]
[Black "Abgrall, Herve"]
[Result "1-0"]
[WhiteElo "2030"]
[BlackElo "1800"]
[PlyCount "83"]
[EventDate "2004.10.10"]
[EventType "team-tourn"]
[EventRounds "9"]
[EventCountry "FRA"]
[SourceTitle "EXT 2007"]
[Source "ChessBase"]
[SourceDate "2006.11.23"]
[SourceVersion "1"]
[SourceVersionDate "2006.11.23"]
[SourceQuality "1"]

1. e4 c6 2. d4 d5 3. exd5 cxd5 4. Bd3 Nf6 5. c3 g6 6. h3 Bg7 7. Bf4 Nc6 8. Nf3 Be6 9. Nbd2 Qd7 10. Qe2 0-0 11. Ne5 Nxe5 12. Bxe5 a6 13. Bxf6 Bxf6 14. g4 Qd6 15. h4 Qf4 16. f3 Qg3+ 17. Qf2 Qxf2+ 18. Kxf2 Rfe8 19. Rae1 Bd7 20. g5 Bg7 21. f4 h5 22. Re3 e6 23. Nf3 b5 24. Ne5 Bxe5 25. fxe5 a5 26. Ke2 Kg7 27. Rf3 Rab8 28. Kd2 Rec8 29. Rhf1 Be8 30. b3 Rc7 31. Rc1 Rbc8 32. Rc2 Ra8 33. c4 bxc4 34. bxc4 dxc4 35. Rxc4 Rxc4 36. Bxc4 Rb8 37. Rb3 Ra8 38. Rb7 Kf8 39. Bb5 Rd8 40. Bxe8 Kxe8 41. Kd3 Rd5 42. Kc4 1-0

[Event "FRA-chT3 0405"]
[Site "France"]
[Date "2005.03.13"]
[Round "7"]
[White "Miqueu, Eric"]
[Black "Le Gros, Cedric"]
[Result "1/2-1/2"]
[WhiteElo "2037"]
[BlackElo "2030"]
[PlyCount "73"]
[EventDate "2004.10.10"]
[EventType "team-tourn"]
[EventRounds "9"]
[EventCountry "FRA"]
[SourceTitle "EXT 2007"]
[Source "ChessBase"]
[SourceDate "2006.11.23"]
[SourceVersion "1"]
[SourceVersionDate "2006.11.23"]
[SourceQuality "1"]

1. e4 c5 2. Nf3 d6 3. c3 Nf6 4. Bd3 Nc6 5. Bc2 Bg4 6. d3 g6 7. Nbd2 e5 8. h3 Be6 9. 0-0 h6 10. Bb3 Qd7 11. Bxe6 Qxe6 12. Re1 Bg7 13. Nf1 0-0 14. Ng3 b5 15. Be3 Rfd8 16. Qc2 Rac8 17. a4 b4 18. c4 Nd4 19. Qd1 Nxf3+ 20. Qxf3 Nd7 21. b3 Nb8 22. Qg4 Re8 23. Qxe6 Rxe6 24. Ne2 f5 25. f3 Nc6 26. g4 Rf8 27. Kg2 Nd4 28. Bxd4 exd4 29. gxf5 gxf5 30. Ng3 Rg6 31. exf5 Rxf5 32. Kf2 Rfg5 33. Rg1 Be5 34. Ne4 Rxg1 35. Rxg1 Kf7 36. Rg4 Rxg4 37. hxg4 1/2-1/2

[Event "Morbihan-ch 0405"]
[Site "Arradon"]
[Date "2004.11.20"]
[Round "2"]
[White "Le Gros, Cedric"]
[Black "Pascot, Jean"]
[Result "1-0"]
[WhiteElo "2110"]
[BlackElo "1900"]
[PlyCount "95"]
[EventDate "2004.10.10"]
[EventType "swiss"]
[EventRounds "7"]
[EventCountry "FRA"]
[SourceTitle "EXT 2007"]
[Source "ChessBase"]
[SourceDate "2006.11.23"]
[SourceVersion "1"]
[SourceVersionDate "2006.11.23"]
[SourceQuality "1"]

1. d4 Nf6 2. Nf3 g6 3. c4 c5 4. d5 b5 5. cxb5 a6 6. e3 axb5 7. Bxb5 Ba6 8. Nc3 Qa5 9. Bxa6 Qxa6 10. Qe2 Bg7 11. e4 0-0 12. Bg5 d6 13. Nd2 Nbd7 14. f4 Rfb8 15. Rb1 Ne8 16. Qxa6 Rxa6 17. Ke2 Rab6 18. Nc4 Rb4 19. Kd3 Nef6 20. a3 R4b7 21. Kc2 Ra7 22. h3 h6 23. Bh4 Nb6 24. Nxb6 Rxb6 25. g4 Rab7 26. Rhe1 c4 27. e5 dxe5 28. fxe5 Nd7 29. Bf2 Rb3 30. Bd4 Nb6 31. Bxb6 R7xb6 32. Re4 f5 33. gxf5 gxf5 34. Re2 f4 35. Na2 f3 36. Re4 f2 37. Nb4 Rxh3 38. Rf1 Rf3 39. Re2 h5 40. Nc6 Rfb3 41. Rfxf2 Rxb2+ 42. Kc3 R6b3+ 43. Kxc4 Rxe2 44. Nxe7+ Kh7 45. Rxe2 Rxa3 46. d6 Ra1 47. d7 Rc1+ 48. Kd5 1-0

[Event "FRA-chT3 0405"]
[Site "France"]
[Date "2004.10.10"]
[Round "1"]
[White "Le Gros, Cedric"]
[Black "Lemeunier, Jean Marie"]
[Result "1-0"]
[WhiteElo "2110"]
[BlackElo "2057"]
[PlyCount "85"]
[EventDate "2004.10.10"]
[EventType "team-tourn"]
[EventRounds "9"]
[EventCountry "FRA"]
[SourceTitle "EXT 2007"]
[Source "ChessBase"]
[SourceDate "2006.11.23"]
[SourceVersion "1"]
[SourceVersionDate "2006.11.23"]
[SourceQuality "1"]

1. d4 d6 2. Nf3 Nd7 3. Bf4 Ngf6 4. e3 e6 5. c4 Be7 6. Nc3 c6 7. Bd3 h6 8. Qc2 Nh5 9. Bg3 Qc7 10. a3 Nxg3 11. hxg3 e5 12. 0-0 0-0 13. b4 Re8 14. Rfe1 Bf8 15. g4 Be7 16. Ne4 Qd8 17. dxe5 Nxe5 18. Nxe5 dxe5 19. f3 Qc7 20. Kf2 a5 21. c5 axb4 22. axb4 Be6 23. Bc4 Bxc4 24. Qxc4 Rxa1 25. Rxa1 Rd8 26. Ke2 b6 27. Ra2 bxc5 28. bxc5 g6 29. g3 Kg7 30. Ra6 Qd7 31. Qc2 f5 32. gxf5 gxf5 33. Nd6 Bxd6 34. cxd6 Qxd6 35. Rxc6 Qd5 36. g4 e4 37. Rc7+ Kf6 38. Qc3+ Ke6 39. gxf5+ Qxf5 40. Qc6+ Rd6 41. Qe8+ Kd5 42. fxe4+ Qxe4 43. Rc5+ 1-0

[Event "Agneaux St Lo U18 op"]
[Site "Agneaux"]
[Date "2004.07.13"]
[Round "6"]
[White "Doncea, Vladimir"]
[Black "Le Gros, Cedric"]
[Result "0-1"]
[WhiteElo "2259"]
[BlackElo "2080"]
[PlyCount "60"]
[EventDate "2004.07.08"]
[EventType "swiss"]
[EventRounds "9"]
[EventCountry "FRA"]
[SourceTitle "EXT 2005"]
[Source "ChessBase"]
[SourceDate "2004.11.15"]
[SourceVersion "1"]
[SourceVersionDate "2004.11.15"]
[SourceQuality "1"]

1. d4 d5 2. c4 c6 3. Nf3 Nf6 4. Qc2 e6 5. g3 dxc4 6. Qxc4 b5 7. Qd3 Bb7 8. Bg2 a6 9. a4 Nbd7 10. 0-0 Rc8 11. e4 c5 12. d5 c4 13. Qe2 e5 14. axb5 axb5 15. b3 Qb6 16. Qb2 Bc5 17. bxc4 Nxe4 18. Nxe5 Nxf2 19. Nxd7 Kxd7 20. Qxg7 Rcf8 21. Bb2 Rhg8 22. Qxh7 Rg6 23. Rxf2 Bxf2+ 24. Kh1 bxc4 25. Ba3 Qd4 26. Qh5 Rh8 27. Qf5+ Ke8 28. Nc3 Qxc3 29. Bb2 Rxh2+ 30. Kxh2 Qxg3+ 0-1

[Event "Morbihan-ch 0304"]
[Site "Morbihan"]
[Date "2004.03.27"]
[Round "6"]
[White "Le Gros, Cedric"]
[Black "Tripoteau, Nicolas"]
[Result "0-1"]
[WhiteElo "1920"]
[BlackElo "2284"]
[PlyCount "62"]
[EventDate "2003.10.??"]
[EventType "swiss"]
[EventRounds "7"]
[EventCountry "FRA"]
[SourceTitle "EXT 2005"]
[Source "ChessBase"]
[SourceDate "2004.11.15"]
[SourceVersion "1"]
[SourceVersionDate "2004.11.15"]
[SourceQuality "1"]

1. d4 Nf6 2. Nf3 c5 3. e3 e6 4. c4 cxd4 5. exd4 d5 6. Nc3 Be7 7. Bd3 dxc4 8. Bxc4 0-0 9. 0-0 a6 10. d5 b5 11. Bb3 b4 12. dxe6 bxc3 13. exf7+ Kh8 14. Qxd8 Rxd8 15. Re1 Bf8 16. bxc3 Nc6 17. Bg5 Na5 18. Nd4 Nxb3 19. axb3 Rd7 20. Re8 Rxf7 21. Bxf6 Rxf6 22. b4 Bb7 23. Rxa8 Bxa8 24. b5 Bb7 25. h3 axb5 26. Nxb5 Bc5 27. Rd1 Bxf2+ 28. Kh2 h5 29. c4 Rg6 30. g4 hxg4 31. hxg4 Rh6# 0-1

[Event "FRA-chT4 0203"]
[Site "Bretagne"]
[Date "2003.01.19"]
[Round "4"]
[White "Crahan, Gwendal"]
[Black "Le Gros, Cedric"]
[Result "0-1"]
[WhiteElo "1670"]
[BlackElo "1760"]
[PlyCount "70"]
[EventDate "2002.10.??"]
[EventType "team-tourn"]
[EventRounds "7"]
[EventCountry "FRA"]
[SourceTitle "EXT 2007"]
[Source "ChessBase"]
[SourceDate "2006.11.23"]
[SourceVersion "1"]
[SourceVersionDate "2006.11.23"]
[SourceQuality "1"]

1. e4 e5 2. f4 exf4 3. Nf3 g5 4. h4 g4 5. Ne5 h5 6. Bc4 Nh6 7. d4 d6 8. Nd3 Bg7 9. c3 Qe7 10. Qe2 f3 11. gxf3 gxf3 12. Qxf3 Bg4 13. Qg2 Nf5 14. Bg5 f6 15. Kd2 Nxd4 16. cxd4 fxg5 17. e5 d5 18. Bxd5 c6 19. Nc3 gxh4 20. Rhf1 Rf8 21. Rxf8+ Bxf8 22. Rf1 Nd7 23. Bf7+ Kd8 24. Qe4 Qg5+ 25. Kc2 Be7 26. e6 Nb6 27. Ne5 Kc7 28. d5 cxd5 29. Nxd5+ Nxd5 30. Qxd5 Rc8 31. Kb1 Kb8 32. Bg6 Ka8 33. Be4 Rc7 34. Rf8+ Bxf8 35. Qb5 Qc1# 0-1

[Event "Morbihan-ch 0102"]
[Site "Morbihan"]
[Date "2002.03.02"]
[Round "5"]
[White "Treguier, Olivier"]
[Black "Le Gros, Cedric"]
[Result "1/2-1/2"]
[WhiteElo "1870"]
[BlackElo "1660"]
[PlyCount "118"]
[EventDate "2001.10.20"]
[EventType "swiss"]
[EventRounds "7"]
[EventCountry "FRA"]
[SourceTitle "EXT 2005"]
[Source "ChessBase"]
[SourceDate "2004.11.15"]
[SourceVersion "1"]
[SourceVersionDate "2004.11.15"]
[SourceQuality "1"]

1. d4 d5 2. c4 e6 3. Nc3 Nf6 4. Nf3 Nbd7 5. e3 Be7 6. Bd3 a6 7. 0-0 dxc4 8. Bxc4 b5 9. Be2 Bb7 10. b3 Nb6 11. Bb2 0-0 12. Rc1 Nbd5 13. Nxd5 Qxd5 14. Ne1 Qd7 15. Nd3 Bd6 16. Nc5 Bxc5 17. dxc5 Qxd1 18. Rfxd1 Bc6 19. f3 Nd5 20. Kf2 Rad8 21. e4 Nf4 22. Bf1 f6 23. g3 Ng6 24. Be2 Kf7 25. Ke3 Ke7 26. f4 Nh8 27. Bc3 Rxd1 28. Rxd1 Rd8 29. Ra1 Rb8 30. g4 Nf7 31. h4 b4 32. Bd2 a5 33. a3 Bb5 34. axb4 axb4 35. Rc1 Nd8 36. Bf3 e5 37. fxe5 fxe5 38. Bxb4 Bc6 39. Bd2 Rxb3+ 40. Kf2 Ne6 41. h5 Nd4 42. Bc3 Ke6 43. g5 Ra3 44. Bg4+ Ke7 45. Bxd4 exd4 46. Bf5 Be8 47. Rd1 d3 48. Ke3 g6 49. hxg6 hxg6 50. Bg4 Bb5 51. Kd4 Ra4+ 52. Ke3 Bc6 53. Kxd3 Bxe4+ 54. Kc3 Ra3+ 55. Kd4 Rg3 56. Re1 Rxg4 57. Rxe4+ Rxe4+ 58. Kxe4 Ke6 59. Kd4 Kf5 1/2-1/2

[Event "Morbihan-ch 0102"]
[Site "Morbihan"]
[Date "2001.11.24"]
[Round "2"]
[White "Le Gros, Cedric"]
[Black "Le Clanche, Joel"]
[Result "0-1"]
[WhiteElo "1630"]
[BlackElo "1870"]
[PlyCount "120"]
[EventDate "2001.10.20"]
[EventType "swiss"]
[EventRounds "7"]
[EventCountry "FRA"]
[SourceTitle "EXT 2005"]
[Source "ChessBase"]
[SourceDate "2004.11.15"]
[SourceVersion "1"]
[SourceVersionDate "2004.11.15"]
[SourceQuality "1"]

1. d4 c5 2. e4 cxd4 3. Nf3 d6 4. Nxd4 Nf6 5. Nc3 a6 6. Bd3 e6 7. Be3 Be7 8. 0-0 0-0 9. a3 b5 10. b4 Bb7 11. f3 Nbd7 12. Nb3 Rc8 13. Qd2 d5 14. exd5 Nxd5 15. Nxd5 Bxd5 16. Rac1 Ne5 17. Nc5 Bxc5 18. Bxc5 Re8 19. Rfd1 Bxf3 20. Rf1 Be4 21. Qe3 Bxd3 22. cxd3 Qd5 23. d4 Nc4 24. Qf4 f6 25. Qg3 Kf7 26. Rc2 e5 27. Rf5 Qe4 28. Rcf2 Qe1+ 29. Rf1 Qe3+ 30. Qf2 Qxf2+ 31. R1xf2 exd4 32. Bxd4 Re1+ 33. Rf1 Rxf1+ 34. Kxf1 Nxa3 35. Ke2 Nc2 36. Bc5 Re8+ 37. Kd2 Na3 38. Rd5 Nc4+ 39. Kd3 Ke6 40. Rd4 f5 41. Rf4 Rd8+ 42. Kc3 g5 43. Rf2 Nd6 44. Bxd6 Rxd6 45. Re2+ Kd5 46. Re7 h6 47. Kd3 Re6 48. Rd7+ Ke5 49. g3 Rd6+ 50. Rxd6 Kxd6 51. Kd4 h5 52. h3 Ke6 53. Kd3 Ke5 54. Ke3 f4+ 55. gxf4+ gxf4+ 56. Kf3 Kf5 57. Kf2 Ke4 58. Kg2 Ke3 59. Kf1 f3 60. Ke1 f2+ 0-1